Central Library OPAC University of Rajshahi

ফোকলোর তত্ত্ব ও বাংলা লোকসাহিত্য / (Record no. 81159)

MARC details
000 -LEADER
fixed length control field 00885nam a2200229 a 4500
001 - CONTROL NUMBER
control field 81159
003 - CONTROL NUMBER IDENTIFIER
rucl marc code BD-RjUL
005 - DATE AND TIME OF LATEST TRANSACTION
control field 20230730130844.0
008 - FIXED-LENGTH DATA ELEMENTS--GENERAL INFORMATION
fixed length control field 230201s2022 bg ||||| |||| 00| 0 ben d
020 ## - INTERNATIONAL STANDARD BOOK NUMBER
International Standard Book Number 9789848881073
035 ## - SYSTEM CONTROL NUMBER
System control number (BD-RjUL)81159
040 ## - CATALOGING SOURCE
Original cataloging agency BD-RjUL
Language of cataloging eng
Transcribing agency BD-RjUL
041 ## - LANGUAGE CODE
Language code of text/sound track or separate title ben
082 ## - DEWEY DECIMAL CLASSIFICATION NUMBER
Edition number 23
Classification number 398.2095492
Author mark and year MOF 2022
100 ## - MAIN ENTRY--PERSONAL NAME
Personal name মণ্ডল, অনুপম হীরা
9 (RLIN) 6453
245 ## - TITLE STATEMENT
Title ফোকলোর তত্ত্ব ও বাংলা লোকসাহিত্য /
Statement of responsibility, etc. অনুপম হীরা মণ্ডল
260 ## - PUBLICATION, DISTRIBUTION, ETC. (IMPRINT)
Place of publication, distribution, etc. ঢাকা :
Name of publisher, distributor, etc. শুভ্র প্রকাশ,
Date of publication, distribution, etc. ২০২২
300 ## - PHYSICAL DESCRIPTION
Pagination ৪৪৮ পৃ.;
Size ২২ সেমি.
650 ## - SUBJECT ADDED ENTRY--TOPICAL TERM
Topical term or geographic name as entry element লোকসাহিত্য
General subdivision ইতিহাস
Geographic subdivision বাংলাদেশ
9 (RLIN) 6805
Topical term or geographic name as entry element Folk Literature
General subdivision History
Geographic subdivision Bangladesh
9 (RLIN) 6806
942 ## - ADDED ENTRY ELEMENTS (KOHA)
Source of classification or shelving scheme Dewey Decimal Classification
Koha item type Books
Holdings
Lost status Source of classification or shelving scheme Damaged status Not for loan Collection code Permanent Location Current Location Shelving location Date acquired Source of acquisition Cost, normal purchase price Total Checkouts Full call number Date last seen Copy number Koha item type Date checked out
  Dewey Decimal Classification   Not For Loan Non-fiction Central Library, University of Rajshahi Central Library, University of Rajshahi Reading Room 29/12/2022 Rajshahi : Biddasagar 412.50   B 398.2095492 MOF 2022 01/02/2023 C-1 Books  
  Dewey Decimal Classification     Non-fiction Central Library, University of Rajshahi Central Library, University of Rajshahi General Stacks 29/12/2022 Rajshahi : Biddasagar 412.50 20 B 398.2095492 MOF 2022 27/01/2026 C-2 Books 23/11/2025
  Dewey Decimal Classification     Non-fiction Central Library, University of Rajshahi Central Library, University of Rajshahi General Stacks 07/06/2023 Rajshahi : Biddasagar 412.50 12 B 398.2095492 MOF 2022 20/01/2026 C-3 Books 11/12/2025
  Dewey Decimal Classification     Non-fiction Central Library, University of Rajshahi Central Library, University of Rajshahi General Stacks 07/06/2023 Rajshahi : Biddasagar 412.50 11 B 398.2095492 MOF 2022 15/01/2026 C-4 Books 06/01/2026
  Dewey Decimal Classification     Non-fiction Central Library, University of Rajshahi Central Library, University of Rajshahi General Stacks 07/06/2023 Rajshahi : Biddasagar 412.50 13 B 398.2095492 MOF 2022 19/01/2026 C-5 Books 05/01/2026